000
00283nam a2200109Ia 4500
008
200302s9999 xx 000 0 und d
100
_a
Alisong Kwok
245
_a
Sustainable Buildings in Practice What the Users Think
260
_b
Architectural Press
260
_c
2011
300
_a
424
999
_c
3313
_d
3313